Welcome to CU Library Online Public Access Catalogue (OPAC)

Managing Stress/ (Record no. 2964)

MARC details
000 -LEADER
fixed length control field 00525nam a22001577a 4500
005 - DATE AND TIME OF LATEST TRANSACTION
control field 20250124100451.0
008 - FIXED-LENGTH DATA ELEMENTS--GENERAL INFORMATION
fixed length control field 250124b |||||||| |||| 00| 0 eng d
020 ## - INTERNATIONAL STANDARD BOOK NUMBER
International Standard Book Number 9780763738471
050 ## - LIBRARY OF CONGRESS CALL NUMBER
Classification number RA785
Item number .S434
100 ## - MAIN ENTRY--PERSONAL NAME
Personal name Seaward, Brian Luke
245 ## - TITLE STATEMENT
Title Managing Stress/
Remainder of title principles and strategies for health and well-being; student note-taking guide to accompany
250 ## - EDITION STATEMENT
Edition statement 5th ed.
260 ## - PUBLICATION, DISTRIBUTION, ETC.
Place of publication, distribution, etc. Sudbury, Massachusetts
Name of publisher, distributor, etc. Jones and Bartlett Publishers
Date of publication, distribution, etc. 2006
300 ## - PHYSICAL DESCRIPTION
Extent v. 198p.
Dimensions 27.5cm
942 ## - ADDED ENTRY ELEMENTS (KOHA)
Source of classification or shelving scheme Library of Congress Classification
Koha item type Books
Edition 5th ed.
Suppress in OPAC No
999 ## -
-- 2964
-- 2964
Holdings
Withdrawn status Lost status Source of classification or shelving scheme Damaged status Not for loan Collection Home library Current library Shelving location Date acquired Total checkouts Full call number Barcode Date last seen Copy number Price effective from Koha item type
    Library of Congress Classification     Non-fiction Science Library (Miotso) Science Library (Miotso) General stacks 01/24/2025   RA785 .S434 SEA SLM00002338 01/24/2025 1 01/24/2025 Books
© 2023-2024 Copyright: Central University Libraries. All Rights Reserved | Created by: Mahone Tech Office